Uma aproximaȯ̂ ̉teoria dos serviȯs pb︢licos

Detalles Bibliográficos
Autor principal: Bǰar Rivera, Luis Još
Formato: eBook
Lenguaje:portugués
Publicado: San Pablo: Editora ContraCorrente, 2016
Materias:
Acceso en línea:Acceso restringido

MARC

LEADER 00000nam a22000007a 4500
005 20191015214553.0
007 cr|||| ||||
008 191015s2016 br |||||s|||| 00||0 por d
020 |a 978-85-69220-10-7 
035 |a 30524 
040 |a vLex 
090 |c 9823  |d 9823 
100 1 |a Bǰar Rivera, Luis Još 
245 1 0 |a Uma aproximaȯ̂ ̉teoria dos serviȯs pb︢licos  |h [Recurso electrn̤ico] /  |c Luis Jos ̌Bǰar Rivera 
256 |a Servicio en ln̕ea 
260 |a San Pablo:  |b Editora ContraCorrente,  |c 2016 
300 |a 1 recurso electrn̤ico 
506 1 |a Disponible solo en los productos indicados  |d vLex Global  |d vLex Global (Academic Edition, excluding Law Schools)  |d vLex Global (U.S. Academic Edition, Law Schools)  |d vLex Global (U.S. Academic Edition, excluding Law Schools)  |d vLex Global (Academic Edition, Law Schools) 
650 0 4 |a Derecho Pb︢lico y Administrativo  |z Brasil 
740 0 |a vLex Libros (Servicio en ln̕ea) 
856 4 0 |u http://vlex.com/source/aproxima-o-teoria-servi-os-publicos-30524  |z Acceso restringido 
942 |c BOOK 
999 0 |a Public and Administrative Law